000 00198 a2200097 4500
020 _a9781422606094
041 _aeng
100 _aJungreis, Rebbetzin Esther
245 _aLife is a test
942 _cBK
999 _c31098
_d31096